|
|
|
|
| LEADER |
00000caa a22000002c 4500 |
| 001 |
1635556112 |
| 003 |
DE-627 |
| 005 |
20220608105233.0 |
| 007 |
tu |
| 008 |
131219s1989 xx ||||| 00| ||ger c |
| 035 |
|
|
|a (DE-627)1635556112
|
| 035 |
|
|
|a (DE-576)399232575
|
| 035 |
|
|
|a (DE-599)BSZ399232575
|
| 040 |
|
|
|a DE-627
|b ger
|c DE-627
|e rakwb
|
| 041 |
|
|
|a ger
|
| 100 |
1 |
|
|a Meller, Ingeborg
|d 1952-
|0 (DE-588)1145880045
|0 (DE-627)1006988580
|0 (DE-576)172181453
|4 aut
|
| 109 |
|
|
|a Meller, Ingeborg 1952-
|
| 245 |
1 |
4 |
|a Die Inanspruchnahme psychiatrischer Dienste in der Gesamtbevölkerung
|c Ingeborg Meller; Manfred M. Fichter; Wolfgang Witzke
|
| 264 |
|
1 |
|c 1989
|
| 336 |
|
|
|a Text
|b txt
|2 rdacontent
|
| 337 |
|
|
|a ohne Hilfsmittel zu benutzen
|b n
|2 rdamedia
|
| 338 |
|
|
|a Band
|b nc
|2 rdacarrier
|
| 700 |
1 |
|
|a Fichter, Manfred M.
|0 (DE-588)108948862
|0 (DE-627)550272461
|0 (DE-576)160938104
|4 aut
|
| 700 |
1 |
|
|a Witzke, Wolfgang
|4 aut
|
| 773 |
0 |
8 |
|i In
|t Der Nervenarzt
|d Berlin : Springer Medizin Verlag GmbH, 1928
|g 60(1989), 8, Seite 462-471
|w (DE-627)129301876
|w (DE-600)123291-5
|w (DE-576)014495171
|x 0028-2804
|7 nnas
|
| 773 |
1 |
8 |
|g volume:60
|g year:1989
|g number:8
|g pages:462-471
|
| 951 |
|
|
|a AR
|
| ELC |
|
|
|b 1
|
| LOK |
|
|
|0 000 xxxxxcx a22 zn 4500
|
| LOK |
|
|
|0 001 3291974042
|
| LOK |
|
|
|0 003 DE-627
|
| LOK |
|
|
|0 004 1635556112
|
| LOK |
|
|
|0 005 20260223140727
|
| LOK |
|
|
|0 008 131219||||||||||||||||ger|||||||
|
| LOK |
|
|
|0 040
|a DE-21-110
|c DE-627
|d DE-21-110
|
| LOK |
|
|
|0 689
|a s
|a Psychiatrischer Dienst
|
| LOK |
|
|
|0 689
|a s
|a Psychiatrische Epidemiologie
|
| LOK |
|
|
|0 852
|z Kein Bestand am IfK; Nachweis für KrimDok
|
| LOK |
|
|
|0 852
|a DE-21-110
|
| LOK |
|
|
|0 852 1
|m v
|9 00
|
| LOK |
|
|
|0 935
|a k110
|
| LOK |
|
|
|0 938
|k v
|
| LOK |
|
|
|0 939
|a 19-12-13
|b l01
|
| ORI |
|
|
|a WA-MARC-krimdoka001.raw
|